Commentaires upon international law / (Record no. 162023)

MARC details
000 -LEADER
campo de control de longitud fija 00666nam a2200193 i 4500
001 - NÚMERO DE CONTROL
campo de control 162023
003 - IDENTIFICADOR DE NÚMERO DE CONTROL
campo de control ES-MaACL
005 - FECHA Y HORA DE LA ÚLTIMA TRANSACCIÓN
campo de control 20250809024233.0
008 - DATOS DE LONGITUD FIJA--INFORMACIÓN GENERAL
campo de control de longitud fija 981015m18791889xxk |||| | eng d
040 ## - FUENTE DE CATALOGACIÓN
Centro catalogador/agencia de origen CCPB | B
Lengua de catalogación spa
Centro/agencia transcriptor CCPB | B
100 1# - ENTRADA PRINCIPAL--NOMBRE DE PERSONA
Nombre de persona Phillimore, Robert
Títulos y otros términos asociados al nombre Sir (
Fechas asociadas al nombre 1810-1885)
9 (RLIN) 131112
245 10 - MENCIÓN DEL TÍTULO
Título Commentaires upon international law /
Mención de responsabilidad, etc. by Sir Robert Phillimore.
250 ## - MENCION DE EDICION
Mención de edición 3th ed.
260 ## - PUBLICACIÓN, DISTRIBUCIÓN, ETC.
Lugar de publicación, distribución, etc. London :
Nombre del editor, distribuidor, etc. Butterworths,
Fecha de publicación, distribución, etc. 1879-1889 (
Fabricante Printed by Spottiswoode and Co.)
300 ## - DESCRIPCIÓN FÍSICA
Extensión 3 v. ;
Dimensiones 23 cm.
650 #7 - PUNTO DE ACCESO ADICIONAL DE MATERIA--TÉRMINO DE MATERIA
Término de materia o nombre geográfico como elemento de entrada Derecho internacional
Fuente del encabezamiento o término embne
9 (RLIN) 11717
852 ## - LOCALIZACIÓN
Ubicación ES-MaACL
Número de control de estantería G-11330-32
Nota libre -- Enc. tela
condición física -- Falta el T. IV
Holdings
Estatus retirado Estado de pérdida Estado de daño No para préstamo Colección Biblioteca de origen Biblioteca actual Ubicación en estantería Fecha de adquisición Total de préstamos Signatura topográfica completa Código de barras Visto por última vez Precio de reemplazo Tipo de ítem Koha
        Libros del s. XIX Biblioteca del Ateneo de Madrid Biblioteca del Ateneo de Madrid Sala Pecera Planta 3 17/01/2008   G-11330-32 1169724 23/02/2023 23/02/2023 Libro impreso antiguo